Monarchen mit diamantenem Kronjubliäum - Statistiken

Allgemein
  • Dieses Quiz wurde 17 mal gespielt
  • Das Durchschnittsergebnis liegt bei 3 aus 16
Antwortstatistiken
Kontinent Staat Datum Alter Antwort % Korrekt
Europa Vereinigtes Königreich 6. Februar 2012 85 Jahre 291 Tage Elisabeth II.
94%
Europa Vereinigtes Königreich 20. Juni 1897 78 Jahre 27 Tage Victoria
81%
Europa Frankreich 14. Mai 1703 64 Jahre 251 Tage Ludwig XIV.
56%
Europa Österreich-Ungarn 2. Dezember 1908 78 Jahre 106 Tage Franz-Joseph I.
44%
Asien Japan 25. Dezember 1986 85 Jahre 240 Tage Hirohito
31%
Europa Sizilien 6. Oktober 1819 68 Jahre 266 Tage Ferdinand I.
13%
Europa Liechtenstein 12. November 1918 78 Jahre 38 Tage Johann II.
6%
Asien Thailand 9. Juni 2006 78 Jahre 186 Tage Rama IX.
6%
Nordamerika Quiriguá 29. Dezember 784 93 / 94 Jahre Butz’ Tiliw
0%
Nordamerika Copán 8. Februar 688 83 Jahre 86 Tage Chan Imix Kʼawiil
0%
Asien Johor 7. September 1955 81 Jahre 355 Tage Ibrahim
0%
Nordamerika Yaxchilan 23. Oktober 741 93 / 94 Jahre Itzamnaaj Bahlam III.
0%
Europa Aragón 12. September 1273 65 Jahre 222 Tage Jakob I.
0%
Asien China 5. Februar 1721 67 Jahre 277 Tage Kangxi
0%
Nordamerika Palenque 27. Juli 675 72 Jahre 125 Tage Pakal I.
0%
Asien China 18. Oktober 1795 84 Jahre 23 Tage Qianlong
0%
Keine übereinstimmenden Quizze gefunden
Verteilung der Resultate
Anzahl Personen mit jedem Resultat
Perzentil nach korrekt beantworteten Fragen
Ihre Resultats-Entwicklung
Sie haben dieses Quiz noch nicht gespielt